00984nam a2200193Ia 4500001000900000003001000009008004100019040002500060041001300085100001600098245001200114250001100126260008500137300001200222500020400234501011400438520020400552650003400756L070-415IT-CnALBA170116s9999||||xx |||||||||||||| ||und|| aIT-CnALBAcIT-CnALBA aITALIANO aRICCI BERTO 0aAVVISI  a1a ed. a FIRENZEbVALLECCHI A. - EDITORE c1943 [1° Ed.:1943 - Ed.Ling.Originale: 1943] a192 p.  aAVVISI SULL'UNIVERSALE (FOGLIO FONDATO DA RICCI BERTO). MENSILE. DI CULTURA FASCISTA. ALCUNI COLLABORATORI: BERTOLINI G. CONTRI G. ERSOCH G. LUCHINI A. PAVESE R. PETRONE I ROSAI B. ROSAI O. SULIS E.  aSocietà San Paolo EM - Piazza San Paolo, 14 - 12051 ALBA (CN) (non commercial uses only) ® Copyright 2017 aAVVISI SULL'UNIVERSALE (FOGLIO FONDATO DA RICCI BERTO). MENSILE. DI CULTURA FASCISTA. ALCUNI COLLABORATORI: BERTOLINI G. CONTRI G. ERSOCH G. LUCHINI A. PAVESE R. PETRONE I ROSAI B. ROSAI O. SULIS E.  aGIORNALISMO EDITORIA GIORNALI